Quiz wiedzy o gwiazdach - Statystyki

Ogólne statystyki
  • Ten quiz został rozwiązany 144 razy
  • Średni wynik to 7 z 24
Statystyki odpowiedzi
Wskazówka Odpowiedź % Poprawnych
Najbliższa gwiazda Ziemi Słońce
90%
Najjaśniejsza gwiazda nocnego nieba Syriusz
69%
Gwiazda położona obecnie najbliżej północnego bieguna niebieskiego Polaris (Gwiazda Polarna)
66%
Najbliższa gwiazda Słońca, oddalona od niego o 4,24 lat świetlnych Proxima Centauri
47%
Czerwony nadolbrzym w gwiazdozbiorze Oriona Betelgeza
45%
Zajście tej gwiazdy przed wschodem Słońca sygnalizowało początek jesieni dla starożytnych Rzymian Wega
33%
Najjaśniejsza gwiazda w gwiazdozbiorze Oriona, oddalona o 863 lata świetlne od Słońca Rigel
32%
Gwiazda podwójna, najbliższa Słońca widoczna gołym okiem Alfa Centauri
31%
Najbliższy olbrzym Ziemi, w konstelacji Bliźniąt, krąży wokół niego gazowy olbrzym nazwany Thestias Polluks
27%
Druga co do jasności gwiazda w gwiazdozbiorze Bliźniąt, odległa od Słońca o 51 lat świetlnych Kastor
26%
Gwiazda podwójna, wokół której krąży planeta; w gwiazdozbiorze Byka Aldebaran
25%
Nazwa tej gwiazdy pochodzi z języka arabskiego i znaczy „lecący orzeł" Altair
25%
Jej nazwa wywodzi się z języka greckiego i znaczy „przeciwnik Aresa" lub „podobny do Aresa" Antares
22%
Gwiazda ta nigdy nie zachodzi w północnych szerokościach geograficznych, współtworzy trójkąt letni Deneb
21%
Największa znana gwiazda o promieniu szacowanym na 941 promieni Słońca; położona jest w gwiazdozbiorze Tarczy Sobieskiego UY Scuti
21%
Gwiazda znajdująca się w odległości około 11,5 roku świetlnego od Słońca, najjaśniejsza w gwiazdozbiorze Małego Psa Procjon
19%
Druga pod względem jasności gwiazda na nocnym niebie Kanopus
15%
Gwiazda poczwórna, którą tworzą dwa żółte olbrzymy i dwa czerwone karły Kapella
14%
Najjaśniejsza gwiazda w gwiazdozbiorze Panny Spica
14%
Czerwony hiperolbrzym odkryty w 1801 roku przez Jérôme Lalande'a; przewiduje się, że eksploduje jako hipernowa w ciągu najbliższych 100 000 lat VY Canis Majoris
12%
Wschodnia gwiazda Pasa Oriona Alnitak
9%
Krąży wokół niej dysk pyłowy, jest jedną z najjaśniejszych gwiazd półkuli południowej Fomalhaut
4%
Pulsar, wokół którego krążą odkryte przez Aleksandra Wolszczana i Dale Frail'a pierwsze planety pozasłoneczne Lich (PSR 1257+12)
3%
Czerwony karzeł w gwiazdozbiorze Wagi, oddalony od Ziemi o 20 lat świetlnych, wokół którego krąży od dwóch do czterech dużych planet skalistych lub oceanicznych - jego nazwa pochodzi od nazwiska niemieckiego astronoma urodzonego w 1915 roku w Złotoryi Gliese 581
2%
Nie znaleziono quizów pasujących do podanych kryteriów
Rozkład punktacji
Procent ludzi z każdym wynikiem
Percentyl według liczby udzielonych odpowiedzi
Twoja historia wyników
Nie rozwiązałeś tego quizu